|
|
|
|
| LEADER |
00000nab a2200000 a 4500 |
| 001 |
vtls000748508 |
| 003 |
SK-MaSNL |
| 005 |
20260304210540.0 |
| 008 |
250429c2000 xo 0 slo |
| 015 |
|
|
|a SNBRB2001/02-04693
|
| 035 |
|
|
|a CLN000100333
|
| 035 |
|
|
|a (urnnbn)urn:nbn:sk:snk:ar-005j4n
|
| 035 |
|
|
|a (uuid)c2a10dcd-7ed0-4578-ad8c-c0eb8bdfa760
|
| 035 |
|
|
|a urn:nbn:sk:snk-ab7zoc
|
| 040 |
|
|
|a SNKBUCL
|b slo
|c SNKBUCL
|e AACR2
|
| 041 |
0 |
|
|a eng
|
| 044 |
|
|
|a xo
|c SK
|
| 080 |
|
|
|a 551.217(234.372.3)
|2 1997
|
| 080 |
|
|
|a 553.411'3/'9(234.372.3)
|2 1997
|
| 245 |
0 |
0 |
|a Mineral parageneses, fluid inclusions and stable isotopes studies of Au-Ag-base metal mineralization of Banská Štiavnica and Zlatá Baňa stratovolcanos: A comparison
|c Vladimir A. Kovalenker ... [et al.]
|
| 504 |
|
|
|a Res. angl.
|
| 650 |
0 |
7 |
|a stratovulkány
|2 snkbucl
|9 838140
|
| 650 |
0 |
7 |
|a zlato
|2 snkbucl
|9 17575
|
| 650 |
0 |
7 |
|a ložiská nerastných surovín
|2 snkbucl
|9 67131
|
| 651 |
|
7 |
|a Banská Štiavnica (Slovensko)
|2 snkbucl
|9 16373
|
| 651 |
|
7 |
|a Zlatá Baňa (Slovensko)
|2 snkbucl
|9 17304
|
| 655 |
|
7 |
|a články z novín a časopisov
|2 snkbucl
|9 267496
|
| 700 |
1 |
|
|a Kovalenker, Vladimir A.
|4 aut
|9 1154395
|
| 700 |
1 |
|
|a Jeleň, Stanislav,
|d 1959-
|4 aut
|9 6976
|
| 700 |
1 |
|
|a Háber, Milan,
|d 1937-
|4 aut
|9 116515
|
| 700 |
1 |
|
|a Ďuďa, Rudolf,
|d 1944-
|4 aut
|
| 700 |
1 |
|
|a Prokofjev, Vsevolod Ju.
|4 aut
|9 1154398
|
| 773 |
0 |
|
|t Mineralia slovaca
|g Roč. 32, č. 3 (2000), s. 249-250
|x 0369-2086
|
| 850 |
|
|
|a Slovenská národná knižnica
|
| 852 |
|
|
|a Slovenská národná knižnica
|
| 958 |
|
|
|a article9
|
| 958 |
|
|
|a SK
|
| 958 |
|
|
|a OND
|
| 958 |
|
|
|a EUIPO
|
| 992 |
|
|
|a RBX
|
| 999 |
|
|
|c 3126521
|d 3128451
|